000 01123nji a22002657a 4500
005 20100831102949.0
006 a|||||r|||||00| 0
007 sd ammalaaahaa
008 100830t xxu||||| |||| 00| 0 eng d
028 _aN-20166
_bHis Master's Voice
035 _aGR-225
040 _aSED
_cSED
100 _917455
_aJagmohan
245 _aAankho se neer bahata ja -Geet /
_cby Jagmohan ; lyric by W Mailik
_h[sound recording] :
246 _aआँखों से नीर बहता जा गीत / जगमोहन द्वारा
260 _aDum Dum, India
_bHis Master's Voice
300 _a1 sound disc [Gramophone Recording]:
_banalog, 33 1/3 rpm
_c9.5 in. (MP)
_fGramophone Record
500 _aBrief Record
505 _aSide 2 मन खोज रहा है दो नैना -गीत ( Man khoj raha hai do naina-गीत) ( Jagmohan)
650 _aClassical music
_zIndia
_91186
_xExcerpts
700 _917416
_aMalliik,W
700 _917456
942 _2ddc
_cGR
999 _c43202
_d43202